Fiscal Monitor, October 2014 : Back to Work: How Fiscal Policy Can Help.

At a time when job creation tops the policy agenda globally, this issue of the Fiscal Monitor explores if and how fiscal policy can do more for jobs. It finds that while fiscal policy cannot substitute for comprehensive reforms, it can support job creation in a number of ways. First, deficit reducti...

Descripció completa

Dades bibliogràfiques
Autor corporatiu: International Monetary Fund. Fiscal Affairs Dept
Format: Revista
Idioma:English
Publicat: Washington, D.C. : International Monetary Fund, 2014.
Col·lecció:Fiscal Monitor; Fiscal Monitor ; No. 2014/002
Accés en línia:Full text available on IMF
LEADER 01741cas a2200241 a 4500
001 AALejournalIMF014454
008 230101c9999 xx r poo 0 0eng d
020 |c 50.00 USD 
020 |z 9781498375702 
022 |a 2219-276X 
040 |a BD-DhAAL  |c BD-DhAAL 
110 2 |a International Monetary Fund.  |b Fiscal Affairs Dept. 
245 1 0 |a Fiscal Monitor, October 2014 :   |b Back to Work: How Fiscal Policy Can Help. 
264 1 |a Washington, D.C. :  |b International Monetary Fund,  |c 2014. 
300 |a 1 online resource (112 pages) 
490 1 |a Fiscal Monitor 
500 |a <strong>Off-Campus Access:</strong> No User ID or Password Required 
500 |a <strong>On-Campus Access:</strong> No User ID or Password Required 
506 |a Electronic access restricted to authorized BRAC University faculty, staff and students 
520 3 |a At a time when job creation tops the policy agenda globally, this issue of the Fiscal Monitor explores if and how fiscal policy can do more for jobs. It finds that while fiscal policy cannot substitute for comprehensive reforms, it can support job creation in a number of ways. First, deficit reduction can be designed and timed to minimize negative effects on employment. Second, fiscal policy can facilitate structural reforms in the labor market by offsetting their potential short term costs. And third, targeted fiscal measures, including labor tax cuts, can help tackle challenges in specific segments of the labor market, such as youth and older workers. 
538 |a Mode of access: Internet 
830 0 |a Fiscal Monitor; Fiscal Monitor ;  |v No. 2014/002 
856 4 0 |z Full text available on IMF  |u http://elibrary.imf.org/view/books/089/21395-9781498375702-en/21395-9781498375702-en-book.xml  |z IMF e-Library